00788nam a2200193 a 450000100100000000500170001000800410002702000150006804000250008308200130010824501690012126000720029030000270036249000170038970000360040683000240044295201110046699900170057700004159720201002035647.0131011s2003 sp a 000 0 spa d a8400081668 aDO-SdBNPbspacBNPHU axxxbxxx00aLáminas delgadas y recubrimientos :bpreparación, propiedades y aplicaciones /cJosé M. Albella editor ; con la colaboración de O. Sánchez e I. Jiménez. aMadrid :bConsejo Superior de Investigaciones Científicas,c2003. a701 p :bil. ;c24 cm.1 aCienciasv111 aAlbella, José M.eedt.968368 0aCienciasn11968369 001050718MOaGRbGRcCTd2013-10-11iLF1l0oxxx xxxp41597-10r2020-06-25w2020-06-25y1ZNo se presta c41087d41087